000 00360nam a22001457a 4500
003 OSt
008 240828b |||||||| |||| 00| 0 eng d
020 _a9788126912230
082 _a305.8009
_bJHT
100 _aJHA, Amit
245 _aTraditional knowledge system in India
260 _aNew Delhi:
_bAtlantic,
_c2009.
300 _axiii,392p.
942 _2ddc
_cBK
999 _c12831
_d12831